| 000 | 00881nam a2200253 a 4500 | ||
|---|---|---|---|
| 001 | 25539 | ||
| 003 | CO-ViMGA | ||
| 005 | 20230915232103.0 | ||
| 008 | 141112s2004 ck r 000 u spa d | ||
| 020 | _a9789583035579 | ||
| 040 |
_aCO-ViMGA _bspa _cCO-ViMGA |
||
| 082 | 0 | 4 | _a398.21 W31b |
| 100 | 1 |
_aWeber, Belinda. _939014 |
|
| 245 | 1 | 0 |
_aBestias fabulosas y monstruosas / _cBelinda Weber ; ilustrador Hemesh Alles ; traductor Julio Caycedo Ponce de León. |
| 250 | _aEditora Diana López de Mesa O. | ||
| 260 |
_aBogotá : _bPanAméricana Editorial, _c2010. |
||
| 300 | _a64 p. : il. ; 31 cm. | ||
| 504 | _aIncluye bibliografía e índice. | ||
| 650 | 1 | 4 |
_aAnimales en la mitología - Literatura juvenil. _939015 |
| 700 | 1 |
_aAlles, Hemesh, il. _939016 |
|
| 942 |
_2ddc _cBK |
||
| 949 | _an n | ||
| 999 |
_c4154 _d4154 |
||